Kya Jamaat-E-Islami Haqq Par Hai? (Record no. 2824)

MARC details
000 -LEADER
fixed length control field 00588nam a2200241 a 4500
020 ## - INTERNATIONAL STANDARD BOOK NUMBER
ISBN
082 00 - DEWEY DECIMAL CLASSIFICATION NUMBER
Classification number 297.8
Author Cutter ASH
100 ## - MAIN ENTRY--AUTHOR NAME
Author name Ashraf, Abdur Rahman
245 ## - TITLE STATEMENT
Title Kya Jamaat-E-Islami Haqq Par Hai?
260 ## - PUBLICATION, DISTRIBUTION, ETC. (IMPRINT)
Place of publication Deoband
Name of publisher Maktaba Taiyyaba
Year of publication 1965
300 ## - PHYSICAL DESCRIPTION
Number of Pages 256p
500 ## - GENERAL NOTE
General note includes index and biblioraphy
505 2# - FORMATTED CONTENTS NOTE
Formatted contents note Indexes
650 ## - SUBJECT ADDED ENTRY--TOPICAL TERM
Topical Term Jamaat-E-Islami
942 ## - ADDED ENTRY ELEMENTS (KOHA)
Koha item type Books
700 1# -
-- Ashraf, Abdur Rahman
Holdings
Collection code Home library Current library Date acquired Cost, normal purchase price Full call number Accession Number Koha item type
  Henry Martyn Institute Library Henry Martyn Institute Library 07/12/2007 3.00 297.8 ASH 02912 Books
                   Copyright © 2026 | Henry Martyn Institute | Hyderabad | TS-500052 | INDIA | Implemented by hmi.edu.in
Hit-Count:

Powered by Koha